|
|
|
|
| LEADER |
02017nam a2200481 a 4500 |
| 001 |
nkc20142594558 |
| 003 |
CZ PrNK |
| 005 |
20190618082946.0 |
| 007 |
ta |
| 008 |
140609s2013 xr abe e f 000 0 ger |
| 020 |
|
|
|a 978-80-86516-66-0
|q (skládanka)
|
| 040 |
|
|
|a BOA001
|b cze
|d OLA001
|
| 041 |
1 |
|
|a ger
|h cze
|
| 043 |
|
|
|a e-xr---
|b e-xr-st
|2 czenas
|
| 072 |
|
7 |
|a 71
|x Územní plánování. Urbanismus. Památková péče
|2 Konspekt
|9 21
|
| 080 |
|
|
|a 711.4.025.3/.4
|2 MRF
|
| 080 |
|
|
|a 625.82/.83
|2 MRF
|
| 080 |
|
|
|a 625.815
|2 MRF
|
| 080 |
|
|
|a (437.312)
|2 MRF
|
| 080 |
|
|
|a (036)
|2 MRF
|
| 100 |
1 |
|
|a Pospíšil, Aleš,
|d 1974-
|7 jx20100119009
|4 aut
|4 ill
|4 pht
|
| 245 |
1 |
0 |
|a Kutná Hora und historisches Pflaster /
|c [Text, Fotos und Zeichnungen] Aleš Pospíšil ; [Übersetzung Jaroslava Kroupová]
|
| 260 |
|
|
|a Prag :
|b Nationaldenkmalinstitut, Territorialfacharbeitsstätte für Mittelböhmen,
|c 2013
|
| 300 |
|
|
|a [8] s. :
|b il. (převážně barev.), 1 mapa, 1 plán ;
|c 21 cm
|
| 500 |
|
|
|a Přeloženo z češtiny
|
| 504 |
|
|
|a Obsahuje bibliografii
|
| 650 |
0 |
7 |
|a městské památkové rezervace
|7 ph123105
|z Česko
|2 czenas
|
| 650 |
0 |
7 |
|a dlažby
|7 ph232612
|z Česko
|2 czenas
|
| 650 |
0 |
7 |
|a dlážděné ulice
|7 ph119520
|z Česko
|2 czenas
|
| 650 |
0 |
9 |
|a urban monument reserves
|z Czechia
|2 eczenas
|
| 650 |
0 |
9 |
|a pavements
|z Czechia
|2 eczenas
|
| 650 |
0 |
9 |
|a paved roads
|z Czechia
|2 eczenas
|
| 651 |
|
7 |
|a Kutná Hora (Česko)
|7 ge129717
|2 czenas
|
| 651 |
|
9 |
|a Kutná Hora (Czechia)
|2 eczenas
|
| 655 |
|
7 |
|a informační publikace
|7 fd132454
|2 czenas
|
| 655 |
|
9 |
|a information publications
|2 eczenas
|
| 856 |
4 |
1 |
|u http://www.digitalniknihovna.cz/mzk/uuid/uuid:c1e81f50-b811-11e8-bc37-005056827e51
|y Digitalizovaný dokument
|x NDK
|
| 910 |
2 |
|
|a BOA001
|b 2-1328.594
|
| 928 |
9 |
|
|a Národní památkový ústav, územní odborné pracoviště středních Čech
|
| 990 |
|
|
|a BK
|
| 995 |
|
|
|a 11
|
| 991 |
|
|
|b 201407
|e n
|
| 996 |
6 |
|
|b 2610595071
|c 2-1328.594
|l MZK
|r Sklad / do 1 hodiny
|n 0
|p p.v.
|w 001428927
|u 000010
|a 1
|e BOA001
|j MZK50
|s P
|